Lecciones de derecho político constitucional, pronunciadas en el Ateneo de Madrid en 1844 y 1845. (Record no. 161226)
[ view plain ]
| 000 -LEADER | |
|---|---|
| campo de control de longitud fija | 01012nam a2200241 i 4500 |
| 001 - NÚMERO DE CONTROL | |
| campo de control | 161226 |
| 003 - IDENTIFICADOR DE NÚMERO DE CONTROL | |
| campo de control | ES-MaACL |
| 005 - FECHA Y HORA DE LA ÚLTIMA TRANSACCIÓN | |
| campo de control | 20250808090132.0 |
| 008 - DATOS DE LONGITUD FIJA--INFORMACIÓN GENERAL | |
| campo de control de longitud fija | 991222m1845 sp |||| | spa d |
| 040 ## - FUENTE DE CATALOGACIÓN | |
| Centro/agencia transcriptor | ES-MaACL |
| 100 1# - ENTRADA PRINCIPAL--NOMBRE DE PERSONA | |
| Nombre de persona | Pacheco, Joaquín Francisco, |
| Fechas asociadas al nombre | 1808-1865 |
| 9 (RLIN) | 88121 |
| Término indicativo de función/relación | Autor |
| 245 10 - MENCIÓN DEL TÍTULO | |
| Título | Lecciones de derecho político constitucional, pronunciadas en el Ateneo de Madrid en 1844 y 1845. |
| Número de parte o sección de la obra | Tomo primero / |
| Mención de responsabilidad, etc. | por D. Joaquín Francisco Pacheco. |
| 260 ## - PUBLICACIÓN, DISTRIBUCIÓN, ETC. | |
| Lugar de publicación, distribución, etc. | Madrid : |
| Nombre del editor, distribuidor, etc. | Imp. y Librería de D. Ignacio Boix, editor, |
| Fecha de publicación, distribución, etc. | 1845. |
| 300 ## - DESCRIPCIÓN FÍSICA | |
| Extensión | 1 volumen (248 páginas) ; |
| Dimensiones | 20 cm. |
| 530 ## - NOTA DISPONIBLE DE FORMULARIO FÍSICO ADICIONAL | |
| Nota de formato físico adicional disponible | Disponible en formato digital |
| 610 24 - PUNTO DE ACCESO ADICIONAL DE MATERIA--NOMBRE DE ENTIDAD CORPORATIVA | |
| Nombre de entidad corporativa o nombre de jurisdicción como elemento de entrada | Ateneo de Madrid- |
| Subdivisión de forma | Conferencias- |
| Subdivisión cronológica | S.XIX. |
| 9 (RLIN) | 1910 |
| 650 07 - PUNTO DE ACCESO ADICIONAL DE MATERIA--TÉRMINO DE MATERIA | |
| Término de materia o nombre geográfico como elemento de entrada | Derecho constitucional |
| Fuente del encabezamiento o término | embne |
| 9 (RLIN) | 11680 |
| 852 ## - LOCALIZACIÓN | |
| Ubicación | ES-MaACL |
| Ubicación en estantería | Sala Palomar |
| Número de control de estantería | C-3819 |
| 856 ## - LOCALIZACIÓN Y ACCESO ELECTRÓNICOS | |
| Identificador Uniforme de Recursos | <a href="https://patrimoniodigital.ucm.es/s/patrimonio/item/644875">https://patrimoniodigital.ucm.es/s/patrimonio/item/644875</a> |
| Texto de enlace | Versión en línea |
| Nota pública | (Patrimonio Digital Complutense) |
| 942 ## - ELEMENTOS DE ENTRADA SECUNDARIOS (KOHA) | |
| Tipo de ítem Koha | Libro impreso antiguo |
| Suprimir en OPAC | No |
| Estatus retirado | Estado de pérdida | Fuente del sistema de clasificación o colocación | Estado de daño | No para préstamo | Colección | Biblioteca de origen | Biblioteca actual | Ubicación en estantería | Fecha de adquisición | Número de control de estantería | Total de préstamos | Signatura topográfica completa | Código de barras | Visto por última vez | Tipo de ítem Koha |
|---|---|---|---|---|---|---|---|---|---|---|---|---|---|---|---|
| Clasificación decimal universal | Colección digital | Biblioteca del Ateneo de Madrid | Biblioteca del Ateneo de Madrid | Depósito 2 | 17/01/2008 | Ateneísta | C-3819 | 1168872 | 23/02/2023 | Libro impreso antiguo |
